MDQL
is popping MORE tags! Check the
thread
!
Quizzes
Events
Quiz Creation
Community
Videos
Private Events
Remove Ads
Sign In
Join for FREE
Feedback
Dark Mode
Quiz Categories
Sports
Geography
Music
Movies
Television
Just For Fun
Miscellaneous
History
Literature
Language
Science
Gaming
Entertainment
Religion
Holiday
For Kids
Quiz Lab
Recent
Popular Today
Quiz Kudos Today
Editor Picks
Curator Picks
Quizzes by...
Day
Popularity
Type
Ratings
Length
Year
Community
Subscriptions
Recent Discussions
Orange Saloon
Badges
Playlists
Quests
Create
Leaderboards
Showdown
Live 5
Trivia Bingo
Activity
Puzzle Library
Sporcle Events
Private Events
Virtual Trivia
Globe League
Become a Host
Pub Owners
SporcleCon
Opinionation
Our Games
Videos
Blog
Mobile Apps
Partnerships
Remove Ads and Go Orange
Feedback
Television
TV Characters
TV Show
Sitcom
Network
Friends
Reality Shows
Cast
South Park
Star Trek
The Simpsons
Doctor Who
Television
TV Characters
TV Show
Sitcom
Network
Friends
Reality Shows
Cast
South Park
Star Trek
The Simpsons
Doctor Who
Random Quiz
Search Sporcle
×
Quiz Lab
Quiz Lab
Television
Show
Type in answers that appear in a list
Type in answers that appear in a list
Classic
Best Score? Go Orange.
Looney Tunes Show Characters Stats
Can you name the Looney Tunes Characters?
By
shippudennumba1
5m
30 Questions
410 Plays
410 Plays
410 Plays
Comments
Comments
Give Quiz Kudos
Give Quiz Kudos
-
- Ratings
hide this ad
Replay
Link that replays current quiz
Next Quiz
Link to next quiz in quiz playlist
You Got
0%
They Got
Avg Score
53%
Avg Friend Score
Upgrade to see
Score Distribution
Jump to the score distribution portion of the page
Score
0/30
Timer
05:00
0
Plays Today
Description
Answer here
% Correct
What's up doc?
Bugs Bunny
96.6%
Boyfriend of Tina
Daffy Duck
86.1%
BEEP BEEP!!!
Roadrunner
79.5%
Sufferin Succotash!
Sylvester
76.3%
Skunk
Pepe Le Pew
75.9%
Stutters
Porky Pig
75.1%
Lives with a cat and a Bird
Granny
73.4%
Owner of Pizzariba
Speedy Gonzales
71.7%
I'm hunting wabbits! (Now weather reporter)
Elmer Fudd
71.7%
I say i say
Foghorn Leghorn
68%
Works at Copy Place
Tina Russo
67.8%
Bugs and Daffy's Neighbor
Yosemite Sam
65.6%
Voiced by Kristen Wiig
Lola Bunny
63.2%
Bugs calls him Poochie
Tasmanian Devil
60.5%
Big Red Monster
Gossamer
60%
Description
Answer here
% Correct
Uses ACME Products
Wile E Coyote
54.6%
Gossamer's Mom
Witch Lezah
53.2%
Sings a song about his laser beam
Marvin the Martian
52.9%
Female Pig
Petunia Pig
47.3%
Turned off Bugs' Cable
Cecil Turtle
41%
I want chicken!
Henery Hawk
35.1%
Speedy's cousin
Slowpoke Rodriguez
34.4%
Owners of an Antique Store
Mac and Tosh
33.4%
Once hired as a Pizzariba Waiter
Pete Puma
29.8%
Black and White coloured cat
Penelope Cat
28%
Chester and...
Spike
23.9%
Hello my baby hello my honey
Michigan J Frog
23.4%
Egghead's Mother
Miss Prissy
20.5%
Sheep
Ralph Wolf
12.7%
I love to Singa!
Owl Jolson
10.7%
Quiz Playlist
Details
Report
Send in Message
Add To Playlist
Classic:
Type in answers that appear in a list
Last Updated: Feb 16, 2017
Quiz Scoreboard
CHALLENGE
Sign Up to Join the Scoreboard
Show All
Scores
Hide
Comments
May contain spoilers
Recently Published
Two Season TV Shows II
by 123Four
Television
10m
Image Sorting: Flags VI
by Barbecue
Geography
2m
Find the 'City' Movie
by crazypaving
Movies
60s
More to Explore
Quiz From the Vault
Featured Blog Post
14 Easter Pick-up Lines to Find Eggs With
hide this ad
You Might Also Like...
Tags
Show Quiz
Character
description
Here
Looney Tunes
tune
Today's Top Quizzes in Television
Browse Television
hide this ad
Today's Top Quizzes in Show
Browse Show
Top Contributed Quizzes in Television
1
Survivor Journey Challenge
2
Adjectives in 00s TV Shows
3
Brooklyn Nine Nine Logic Puzzle (How-To-Play)
4
Even More Two Season TV Shows
5
Total Drama Characters
6
Survivor Logic Puzzle: Heroes vs. Villains
7
Adjectives in 10s TV Shows
8
Survivor Heroes vs. Villains Logic Puzzle
9
Phoebe Buffay Quotes
10
Survivor Seasons
Explore More
Trending Topics
Kpop
Harry Potter
Anime
Disney
Marvel
Crossword
NBA
Song
The Office
NFL
Country
WWE
Puzzle
Pokémon
Soccer
hide this ad
More By:
shippudennumba1
Quiz
Plays
Rating
Category
Featured
Created
The Vampire Diaries Name Chain Reaction
6,735
3.00
Television
Jan 24, 2015
Favorite TV Shows by Cast
4,386
1.84
Television
Sep 5, 2015
Fairy Tail characters
4,006
4.00
Entertainment
Nov 24, 2013
Guess the Naruto Character
2,497
Entertainment
Aug 24, 2013
Hunter X Hunter Characters
2,442
4.67
Television
Apr 9, 2015
Go to Creator's Profile
Score Distribution
Quiz Creator Spotlight
shippudennumba1
Follow
Send a Message
Quizzes Created
-
Created Quiz Play Count
-
More By This Creator
Popular Quizzes Today
1
Find the US States - No Outlines Minefield
2
Colored Red Africa Blitz
3
Find the 'City' Movie
4
5x2 Blitz: Bands
5
The Countries of the World
6
Find the Countries of Europe - No Outlines Minefield
7
Find the US States
8
US States
More Television Quizzes
70th Emmy Drama Nominees (Picture Click)
Curator's Pick
Trending Quizzes
Colored Red Europe Blitz I
Colored Red Africa Blitz II
Colored Red Europe Blitz II
Colored Red Africa Blitz III
Colored Red Europe Blitz III
Recently Updated
How Do You Spell That?
pecheneg
Godzilla Movies
pecheneg
Grab Bag: 4-10 Letters
pecheneg
2024 March Madness Bracket
pecheneg
Famous TV Couples
Peacemaker
Champions League XIs: Real Madrid
pecheneg
Largest US Cities 1790-2010
pecheneg
Rides in Walt Disney World
pecheneg
Most Oscar Losses (Acting)
pecheneg
Beyoncé Albums
pecheneg
Trending Topics
Disney
Anime
Kpop
Harry Potter
Marvel
Crossword
NBA
Pokémon
The Office
Soccer
WWE
Puzzle
Country
Song
NFL
Your Account Isn't Verified!
In order to create a playlist on Sporcle, you need to verify the email address you used during registration. Go to your
Sporcle Settings
to finish the process.
Report this User
Report this user for behavior that violates our
Community Guidelines
.
Details:
Send Report
Go to the Sporcle.com Mobile Site →
Comments